000 00375 a2200169 4500
001 183453
020 _a85-16-03094-6
040 _cMagnum
100 _aBraz, Julio Emilio
240 1 0 _aFelicidade não tem cor
_lpor
245 1 0 _aFelicidade não tem cor
300 _a62
362 0 _a2002
440 1 _aModerna
697 _aLITERATURA INFANTO-JUVENIL
942 _cBK
999 _c183453
_d183453